Objetos Más Grandes del Sistema Solar - Estadísticas

Estadísticas generales
  • Esta prueba ha sido intentada 2.171 veces
  • La puntuación promedio es 15 de 35
Respuestas en el mapa
Las respuestas están codificadas por una escala verde-roja en el mapa de la prueba según el % correcto abajo.
 
Estadísticas de respuestas
Tipo Radio Medio (km) Respuesta % Correcto
Planeta 6,371.0 Tierra
99%
Planeta 69,911 Júpiter
98%
Planeta 3,389.5 Marte
98%
Planeta 58,232 Saturno
98%
Satélite Terran 1,737.4 Luna
97%
Planeta 25,362 Urano
97%
Planeta 6,051.8 Venus
97%
Planeta 2,439.4 Mercurio
96%
Planeta 24,622 Neptuno
95%
Planeta Enano 1,188.3 Plutón
90%
Estrella 695,700 Sol
90%
Satélite Joviano 1,560.8 Europa
53%
Satélite Saturnal 2,574.7 Titán
41%
Satélite Joviano 1,821.6 Io
36%
Planeta Enano 469.7 Ceres
30%
Satélite Joviano 2,634.1 Ganimedes
29%
Satélite Joviano 2,410.3 Calisto
21%
Satélite Neptúnico 1,353.4 Tritón
18%
Planeta Enano 1,163 Eris
17%
Planeta Enano 715 Makemake
15%
Satélite Plutoniano 606.0 Caronte
13%
Planeta Enano 798 (elipsoide) Haumea
12%
Satélite Saturnal 763.5 Rea
12%
Satélite Urano 788.4 Titania
12%
Satélite Saturnal 531.1 Tetis
11%
Satélite Urano 578.9 Ariel
10%
Satélite Saturnal 734.4 Japeto
10%
Satélite Urano 761.4 Oberon
10%
Satélite Saturnal 561.4 Dione
9%
Sednoide ~453 Sedna
9%
Satélite Urano 584.7 Umbriel
9%
Plutino ~455 Orcus
5%
QB1-o 548.8 Quaoar
5%
¿Planeta Enano? ~615 Gonggong
4%
QB1-o ~419 Salacia
4%
No se encontraron pruebas coincidentes
Distribución de puntuación
Porcentaje de gente con cada puntuación
Porcentaje por número respondido
Historial de tus puntuaciones
No has intentado esta prueba.